Recopie le plus vite les mots en 30 secondes ! - Statistiques

Statistiques générales
  • Ce quiz a été pris 1 143 fois
  • Le résultat moyen est 12 sur 18
Statistiques - réponses
Hint Réponse % Correct
Pologne Pologne
100%
amer amer
99%
civil civil
98%
robe robe
97%
voiture voiture
97%
rosette rosette
94%
pomme de terre pomme de terre
88%
thermostat thermostat
88%
nourrisson nourrisson
87%
itinéraire itinéraire
75%
vadrouille vadrouille
71%
transplantation transplantation
48%
falsification falsification
31%
agrafe agrafe
30%
maquillage maquillage
30%
cigarette cigarette
21%
flocon flocon
19%
fourchette fourchette
13%
Aucun quiz correspondant
Distribution des résultats
% des personnes avec chaque résultat
Percentile par nombre de réponses
Votre historique - résultats
Vous n’avez pas pris ce quiz